[Event "Let's Play Chess!"]
[Site "http://www.queenalice.com/game.php?id=1633542"]
[Date "2020.11.20"]
[Round "-"]
[White "Experimentator"]
[Black "charles31"]
[Result "1-0"]
[WhiteElo "2026"]
[BlackElo "1704"]

1. h4 e5 2. a4 d5 3. h5 Nc6 4. a5 a6 5. d3 Bb4+ 6. c3 Bxa5 7. b4 Bb6 8. b5 Na5
9. bxa6 bxa6 10. Nf3 e4 11. dxe4 dxe4 12. Qa4+ c6 13. h6 g6 14. Qxe4+ Be6 15.
Qe5 Bc7 16. Qxh8 Kd7 17. Bg5 Qf8 18. Nbd2 Nb7 19. Qxh7 Bf5 20. Qh8 Qd6 21. h7
1-0

[Event "Challenge"]
[Site "http://www.queenalice.com/game.php?id=1633903"]
[Date "2020.11.23"]
[Round "-"]
[White "Arbustov"]
[Black "Experimentator"]
[Result "0-1"]
[WhiteElo "1686"]
[BlackElo "2017"]

1. e4 h5 2. Nf3 a5 3. d4 h4 4. h3 a4 5. Bc4 e6 6. Nc3 a3 7. b3 Bb4 8. Bd2 Ne7 9.
O-O Ng6 10. e5 b6 11. Ne4 Bxd2 12. Nexd2 Nc6 13. c3 Bb7 14. Kh2 f6 15. exf6 gxf6
16. Re1 Qe7 17. Bd5 Qd6+ 18. Kg1 Qxd5 19. Re4 f5 20. c4 Qd6 21. Ng5 fxe4 22.
Ndxe4 Qxd4 23. Qf3 Qxa1+ 24. Kh2 Qe5+ 25. Kg1 Nf4 26. g3 hxg3 27. fxg3 Qa1+ 0-1

[Event "Let's Play Chess!"]
[Site "http://www.queenalice.com/game.php?id=1634068"]
[Date "2020.11.24"]
[Round "-"]
[White "Experimentator"]
[Black "ulisses34"]
[Result "1-0"]
[WhiteElo "2045"]
[BlackElo "1773"]

1. h4 d5 2. a4 e5 3. h5 Nh6 4. a5 Qf6 5. e3 Bg4 6. Be2 Bxe2 7. Qxe2 Qa6 8. d4 e4
9. Nh3 Qd6 10. c4 Qb4+ 11. Nc3 Qxc4 12. Qxc4 dxc4 13. Nxe4 Nc6 14. Bd2 Bb4 15.
Bxb4 Nxb4 16. Ra4 Nd3+ 17. Ke2 Nxb2 18. Rb4 b5 19. Rxb2 Rb8 20. Rhb1 a6 21. Nc5
Ra8 22. Nf4 c6 23. d5 cxd5 24. Nxd5 Nf5 25. Nc7+ Ke7 26. Nxa8 Rxa8 27. Rd2 Nd6
28. Rbd1 Rd8 29. Nxa6 Nb7 30. Rxd8 Nxd8 31. Nb4 1-0

[Event "Let's Play Chess!"]
[Site "http://www.queenalice.com/game.php?id=1634069"]
[Date "2020.11.24"]
[Round "-"]
[White "igorjava"]
[Black "Experimentator"]
[Result "0-1"]
[WhiteElo "1988"]
[BlackElo "2077"]

1. e4 h5 2. f4 a5 3. Nf3 h4 4. d4 a4 5. a3 Nf6 6. Bc4 Nxe4 7. Nc3 Nxc3 8. bxc3
h3 9. g3 e6 10. Bd3 c5 11. Rb1 d5 12. Bb5+ Bd7 13. Be2 Nc6 14. Rxb7 Qc8 15. Rb1
Rb8 16. Rb2 Rxb2 17. Bxb2 Be7 18. O-O Qc7 19. Ne5 Qb6 20. Nxc6 Bxc6 21. Qc1 Bb5
22. Kf2 Bxe2 23. Kxe2 O-O 24. Qa1 Qb5+ 25. Kf2 Rb8 26. Rb1 cxd4 27. cxd4 e5 28.
fxe5 Qd7 29. Rf1 Qf5+ 30. Kg1 Qe4 31. Rf2 Bg5 32. c3 Be3 33. Bc1 Qg2# 0-1

[Event "Let's Play Chess!"]
[Site "http://www.queenalice.com/game.php?id=1635509"]
[Date "2020.12.6"]
[Round "-"]
[White "charles31"]
[Black "Experimentator"]
[Result "0-1"]
[WhiteElo "1642"]
[BlackElo "2056"]

1. e4 h5 2. d4 a5 3. Nc3 h4 4. h3 a4 5. a3 c6 6. Bd2 d6 7. Bc4 e5 8. dxe5 dxe5
9. Nf3 b5 10. Ba2 Rh5 11. Ne2 Qf6 12. Bc3 Be6 13. Bxe6 Qxe6 14. Qd2 f6 15. Rd1
Na6 16. Ba5 Nc5 17. Bb4 Nxe4 18. Qd3 Bxb4+ 19. axb4 f5 20. Nd2 Rd8 21. Qf3 Ngf6
22. Nxe4 Rxd1+ 23. Kxd1 fxe4 24. Qe3 Qa2 25. Qa3 Qb1+ 26. Nc1 Rf5 27. f3 Nd5 28.
fxe4 Rf2 0-1

[Event "Let's Play Chess!"]
[Site "http://www.queenalice.com/game.php?id=1635515"]
[Date "2020.12.6"]
[Round "-"]
[White "Experimentator"]
[Black "igorjava"]
[Result "1-0"]
[WhiteElo "2056"]
[BlackElo "1951"]

1. h4 e5 2. a4 c5 3. h5 h6 4. a5 Nc6 5. a6 bxa6 6. e4 Nf6 7. Nc3 d6 8. Bxa6 Nb4
9. Bxc8 Qxc8 10. Nge2 Be7 11. d3 O-O 12. Ng3 d5 13. exd5 Nfxd5 14. Nxd5 Nxd5 15.
Qf3 Nb4 16. Nf5 Bf6 17. Nxh6+ Kh7 18. Kd1 gxh6 19. Qxf6 Qe6 20. Qxe6 fxe6 21.
Be3 Rfc8 22. Ra5 c4 23. Rh4 Nd5 24. Rxc4 Rxc4 25. dxc4 Nxe3+ 26. fxe3 Kg7 27. c5
a6 28. b4 Rb8 29. c3 Ra8 30. c6 1-0

[Event "Let's Play Chess!"]
[Site "http://www.queenalice.com/game.php?id=1636284"]
[Date "2020.12.14"]
[Round "-"]
[White "Experimentator"]
[Black "igorjava"]
[Result "1-0"]
[WhiteElo "2161"]
[BlackElo "2015"]

1. h4 d5 2. a4 c5 3. h5 Nf6 4. a5 Nc6 5. h6 gxh6 6. a6 bxa6 7. Nf3 e5 8. d3 e4
9. dxe4 Nxe4 10. Bxh6 d4 11. Nbd2 Nxd2 12. Qxd2 Nb4 13. Bxf8 Kxf8 14. c3 Nd5 15.
cxd4 Be6 16. e4 Nc7 17. Qh6+ Ke7 18. Ne5 Qd6 19. Qg5+ Kf8 20. Qf6 Rg8 21. Rxh7
Qe7 22. Ng6+ 1-0

[Event "Challenge"]
[Site "http://www.queenalice.com/game.php?id=1638060"]
[Date "2020.12.29"]
[Round "-"]
[White "Experimentator"]
[Black "Numberone"]
[Result "1-0"]
[WhiteElo "2247"]
[BlackElo "2085"]

1. h4 d5 2. a4 e5 3. h5 Nc6 4. a5 a6 5. d3 Bb4+ 6. c3 Bxa5 7. b4 Bb6 8. b5 Nb8
9. Nf3 f6 10. h6 g6 11. Nbd2 Bd7 12. e4 Bc5 13. exd5 Bxb5 14. Qb3 b6 15. Ne4 Bf8
16. d4 Bxf1 17. Kxf1 exd4 18. Bf4 g5 19. Bg3 dxc3 20. Nd4 Ne7 21. Nxf6+ 1-0

[Event "Let's Play Chess!"]
[Site "http://www.queenalice.com/game.php?id=1638151"]
[Date "2020.12.30"]
[Round "-"]
[White "bobifixer"]
[Black "Experimentator"]
[Result "0-1"]
[WhiteElo "2086"]
[BlackElo "2236"]

1. c4 h5 2. Nf3 a5 3. d4 h4 4. h3 a4 5. a3 d6 6. e4 Nc6 7. Bd3 Bd7 8. O-O e5 9.
dxe5 Nxe5 10. Nxe5 dxe5 11. Nc3 Bc5 12. Qf3 Be6 13. Rd1 Qf6 14. Qxf6 Nxf6 15.
Bg5 Rh5 16. Bxf6 gxf6 17. Nd5 O-O-O 18. Nxf6 Rg5 19. Kf1 Rg6 20. Nd5 Rdg8 21.
Ne3 Bxe3 22. fxe3 Rxg2 23. Ke1 Rh2 24. Be2 Rgg2 25. Bf1 Rg1 26. Rac1 Bxh3 0-1

[Event "Let's Play Chess!"]
[Site "http://www.queenalice.com/game.php?id=1638152"]
[Date "2020.12.30"]
[Round "-"]
[White "Experimentator"]
[Black "bobifixer"]
[Result "1-0"]
[WhiteElo "2282"]
[BlackElo "2102"]

1. h4 d5 2. a4 Nf6 3. h5 h6 4. a5 a6 5. Nf3 Bf5 6. c3 e6 7. d3 c5 8. Qa4+ Qd7 9.
Ne5 Qxa4 10. Rxa4 Bd6 11. Bf4 Bxe5 12. Bxe5 Nbd7 13. Bg3 O-O 14. Nd2 b5 15. axb6
Nxb6 16. Ra5 Rfc8 17. f3 Nfd7 18. e4 dxe4 19. dxe4 Bh7 20. Bxa6 Re8 21. Ke2 Nb8
22. Bxb8 Raxb8 23. Rxc5 Nd7 24. Rb5 Rxb5 25. Bxb5 Rd8 26. Bxd7 Rxd7 27. b4 e5
28. Ra1 g6 29. b5 gxh5 30. b6 Kf8 31. c4 f5 32. c5 fxe4 33. c6 exf3+ 34. Nxf3
Rd8 35. c7 Re8 36. b7 1-0

[Event "Let's Play Chess!"]
[Site "http://www.queenalice.com/game.php?id=1638521"]
[Date "2021.1.4"]
[Round "-"]
[White "JOSETEZOMBIE"]
[Black "Experimentator"]
[Result "0-1"]
[WhiteElo "2398"]
[BlackElo "2266"]

1. g3 h5 2. d4 a5 3. e4 a4 4. Nc3 h4 5. gxh4 a3 6. bxa3 Rxh4 7. Nf3 Rh8 8. Bd3
d6 9. Rb1 c6 10. e5 e6 11. O-O dxe5 12. dxe5 Nd7 13. Ne4 Nh6 14. Bf4 Rxa3 15.
Qe2 Nf5 16. Rfd1 Qa5 17. Neg5 g6 18. Bc4 Be7 19. Bb3 Qc7 20. Ne4 Kf8 21. Rd3 Ra5
22. Qd2 Nc5 23. Nxc5 Rxc5 24. Rd1 Kg7 25. c3 Ra5 26. Nd4 Nh4 27. Nf3 Nf5 28. Nd4
Nh4 29. c4 b6 30. Nf3 Nf5 31. Nd4 Nxd4 32. Rxd4 Rh5 33. Qc3 c5 34. R4d3 Qc6 35.
f3 Bb7 36. Bg3 Rf5 37. Rf1 Qc8 38. Rf2 Bc6 39. Bc2 Rh5 40. Rd1 Qa8 41. Be4 Bxe4
42. fxe4 Qxe4 43. Rd7 Kf8 44. Qc2 Qxc2 45. Rxc2 Bg5 46. Rd3 Bh4 47. Re2 Bxg3 48.
hxg3 Ra4 49. Rc3 Rg5 50. Kh2 Rg4 51. Rb3 Ra6 52. Reb2 Rxc4 53. Rxb6 Rxb6 54.
Rxb6 Re4 55. Rb8+ Kg7 56. Rc8 Rxe5 57. a4 Re2+ 58. Kh3 Ra2 59. Ra8 f5 60. Kh4
Kf6 61. a5 Rh2# 0-1

[Event "Let's Play Chess!"]
[Site "http://www.queenalice.com/game.php?id=1640170"]
[Date "2021.1.17"]
[Round "-"]
[White "askasl159"]
[Black "Experimentator"]
[Result "0-1"]
[WhiteElo "1857"]
[BlackElo "2246"]

1. e4 h5 2. d4 a5 3. Nf3 h4 4. Bf4 a4 5. a3 Nf6 6. Nc3 c6 7. Bxb8 Rxb8 8. h3 d6
9. Bd3 Nh5 10. Nxh4 Nf4 11. Nf5 Nxg2+ 12. Kf1 Nf4 13. d5 g6 14. Ng3 Rh4 15. dxc6
bxc6 16. Nxa4 Bg7 17. c3 Qa5 18. b4 Qa7 19. Nb2 Bxc3 20. Ra2 Bxb4 21. Nc4 Bc5
22. Rh2 Ba6 23. f3 Nxd3 24. Qxd3 d5 25. exd5 Bxc4 0-1

[Event "Let's Play Chess!"]
[Site "http://www.queenalice.com/game.php?id=1643479"]
[Date "2021.2.15"]
[Round "-"]
[White "TheRealHousekeeper"]
[Black "Experimentator"]
[Result "1-0"]
[WhiteElo "2374"]
[BlackElo "2296"]

1. e4 h5 2. d4 a5 3. Bd3 h4 4. h3 a4 5. Nf3 d6 6. Bg5 Nc6 7. c3 f6 8. e5 e6 9.
Bg6+ Kd7 10. Bxh4 Nce7 11. Bc2 Nf5 12. Bxf5 exf5 13. Bg3 g5 14. Na3 Qe8 15. Qd3
f4 16. Bh2 Kd8 17. O-O-O Qf7 18. c4 d5 19. exf6 Qxf6 20. Qe2 Bxa3 21. bxa3 Ne7
22. Qe5 Qxe5 23. dxe5 Rg8 24. cxd5 Ra5 25. d6 cxd6 26. exd6 Ng6 27. Rd4 Re8 28.
h4 Bf5 29. Kd2 Rb5 30. Rxa4 gxh4 31. Nd4 Rd5 32. Kc3 Bc8 33. Rb1 Ree5 34. Rb2
Rxd6 35. Rd2 Bd7 36. Rb4 Rc5+ 37. Rc4 Rh5 38. a4 h3 39. f3 Ne5 40. Rb4 Kc8 41.
Bxf4 h2 42. Rd1 h1=Q 43. Rxh1 Rxh1 44. Bxe5 Rg6 45. g4 Re1 46. Rc4+ Kd8 47. Bc7+
1-0

[Event "Let's play a game of chess."]
[Site "http://www.queenalice.com/game.php?id=1643717"]
[Date "2021.2.22"]
[Round "-"]
[White "Experimentator"]
[Black "TheRealHousekeeper"]
[Result "1/2-1/2"]
[WhiteElo "2286"]
[BlackElo "2398"]

1. h4 h5 2. a4 a5 3. Ra3 g6 4. Rb3 Bg7 5. Nf3 d6 6. d4 Nf6 7. Nc3 Nc6 8. e4 O-O
9. Be2 Nb4 10. Bf4 Be6 11. Ra3 d5 12. e5 Nd7 13. O-O Bf5 14. Ne1 Nb6 15. g4 hxg4
16. Bxg4 Bxg4 17. Qxg4 Qd7 18. Qg3 Nc4 19. Rb3 Qf5 20. Ne2 Qe4 21. Qg4 Nd2 22.
Re3 Qf5 23. Qxf5 gxf5 24. h5 Kh7 25. c3 Nc6 26. Nf3 Nxf1 27. Ng5+ Kh8 28. Kxf1
Bh6 29. Nxf7+ Rxf7 30. Bxh6 Rh7 31. Bf4 Rxh5 32. e6 Rg8 33. Ke1 Rc8 34. Bg3 Kg7
35. Kd2 Rh1 36. Nf4 Rd8 37. Nd3 Rc8 38. Rf3 Kf6 39. Nc5 Rg8 40. Bxc7 Rg4 41. Re3
Rf1 42. Nd7+ Kg6 43. Rf3 Rb1 44. Kc2 Ra1 45. Rh3 Rf1 46. Rh2 f4 47. Nb6 f3 48.
Nxd5 Rg2 49. Rh3 Rfxf2+ 50. Kd3 Kf5 51. Ne3+ Kxe6 52. d5+ Kd7 53. Bg3 Rd2+ 54.
Ke4 Nd8 55. Kxf3 Nf7 56. Nxg2 Ng5+ 57. Kg4 Nxh3 58. Kxh3 Rxb2 59. Ne3 b5 60.
axb5 a4 61. Nc4 Rxb5 62. Be5 Rxd5 63. Bd4 Ke6 64. Kg4 Rf5 65. Na3 Rf1 66. c4 Kd7
67. Nb5 Rc1 1/2-1/2

[Event "Challenge"]
[Site "http://www.queenalice.com/game.php?id=1772143"]
[Date "2021.10.13"]
[Round "-"]
[White "Experimentator"]
[Black "johndyson2"]
[Result "1-0"]
[WhiteElo "2289"]
[BlackElo "2374"]

1. h4 d5 2. h5 e5 3. a4 Nc6 4. d3 Nf6 5. c3 h6 6. a5 a6 7. Nd2 Bc5 8. e3 Qe7 9.
Be2 Be6 10. Nf1 Bd6 11. Qc2 e4 12. Bd2 O-O-O 13. d4 g5 14. Rb1 Bd7 15. b3 Kb8
16. Qd1 Na7 17. c4 c6 18. Qc1 Ne8 19. Qb2 Ng7 20. g3 Rhf8 21. Bd1 f5 22. Ne2 Qf7
23. Rc1 Ne6 24. Rc2 Nc8 25. Bc1 Ne7 26. c5 Bc7 27. b4 Ng7 28. Nf4 Ka8 29. Be2
gxf4 30. gxf4 Ne6 31. Ng3 Ng8 32. Bd2 Nf6 33. Kd1 Rde8 34. Kc1 Ng4 35. Bxg4 fxg4
36. Rc3 Ng5 37. Kb1 Qe6 38. Rcc1 1-0